Performance management / (Record no. 209569)
[ view plain ]
| 000 -LEADER | |
|---|---|
| fixed length control field | 02556nam a2200265Ia 4500 |
| 005 - DATE AND TIME OF LATEST TRANSACTION | |
| control field | 20260305165252.0 |
| 008 - FIXED-LENGTH DATA ELEMENTS--GENERAL INFORMATION | |
| fixed length control field | 210716s2015 xx 000 0 und d |
| 020 ## - INTERNATIONAL STANDARD BOOK NUMBER | |
| International Standard Book Number | 9789350042892 |
| 040 ## - CATALOGING SOURCE | |
| Transcribing agency | AIMIT LIBRARY |
| 041 ## - LANGUAGE CODE | |
| Language code of text/sound track or separate title | eng |
| 082 ## - DEWEY DECIMAL CLASSIFICATION NUMBER | |
| Classification number | 658.3125 |
| Edition number | 1 |
| Item number | RAOC |
| 100 ## - MAIN ENTRY--PERSONAL NAME | |
| Personal name | Rao, C Appa. |
| 9 (RLIN) | 39312 |
| 245 ## - TITLE STATEMENT | |
| Title | Performance management / |
| Statement of responsibility, etc. | By C. Appa Rao |
| 250 ## - EDITION STATEMENT | |
| Edition statement | 1st ed. |
| 260 ## - PUBLICATION, DISTRIBUTION, ETC. | |
| Place of publication, distribution, etc. | New Delhi : |
| Name of publisher, distributor, etc. | Biztantra , |
| Date of publication, distribution, etc. | 2015. |
| 300 ## - PHYSICAL DESCRIPTION | |
| Extent | xxxvi, 352p |
| Other physical details | PB |
| Dimensions | 23.5 cm |
| 500 ## - GENERAL NOTE | |
| General note | This book is a comprehensive textbook on Performance Management that fulfills the needs of the management students. The author, with his extensive experience of teaching the subject has realized that, despite a plethora of books on Performance Management, students still experience difficulty in finding out an easily understandable book covering, by and large, the course structure prescribed by various universities. Keeping this need in view, the author has endeavoured to bring out this book encompassing the important concepts of performance management generally prescribed for management students by most of the universities. |
| 504 ## - BIBLIOGRAPHY, ETC. NOTE | |
| Bibliography, etc. note | Part I : Fundamentals of Performance Management<br/><br/>· Introduction to Performance Management<br/><br/>· Defining and Measuring Performance<br/><br/>· Historical Perspective of Performance Management<br/><br/>· Goal Setting Theory and Expectancy Theory<br/><br/>· Performance Management Model and System<br/><br/>Part II : Performance Management Process - I<br/><br/>· Performance Planning<br/><br/>· Performance Standards<br/><br/>· Key Performance Areas and Key Result Areas<br/><br/>· Competence and Competency Mapping<br/><br/>· Performance Execution and Monitoring<br/><br/>Part III : Performance Management Process - II<br/><br/>· Performance Appraisal<br/><br/>· 360-Degree Appraisal<br/><br/>· Performance Review and Feedback<br/><br/>· Employee Development through Performance Management<br/><br/>· Coaching, Counseling and Mentoring<br/><br/>· Performance Related Pay<br/><br/>Part IV: Team and Organizational Performance Management<br/><br/>· Managing Team Performance<br/><br/>· High Performance Work Teams<br/><br/>· Balanced Scorecard<br/><br/>· Integrated Performance and Concept of Maturity Alignment<br/><br/>Part V: Case Studies<br/><br/>Index |
| 505 ## - FORMATTED CONTENTS NOTE | |
| Statement of responsibility | About the Author<br/>Dr. C. Appa Rao is a distinguished professor of management in the Institute of Management<br/><br/> |
| 650 ## - SUBJECT ADDED ENTRY--TOPICAL TERM | |
| Topical term or geographic name entry element | Fundamentals of Performance Management |
| 9 (RLIN) | 39313 |
| 650 ## - SUBJECT ADDED ENTRY--TOPICAL TERM | |
| Topical term or geographic name entry element | Performance Management Process |
| 9 (RLIN) | 39314 |
| 650 ## - SUBJECT ADDED ENTRY--TOPICAL TERM | |
| Topical term or geographic name entry element | Team and Organizational Performance Management |
| 9 (RLIN) | 39315 |
| 650 ## - SUBJECT ADDED ENTRY--TOPICAL TERM | |
| Topical term or geographic name entry element | Case Studies |
| 9 (RLIN) | 39316 |
| 942 ## - ADDED ENTRY ELEMENTS (KOHA) | |
| Source of classification or shelving scheme | Dewey Decimal Classification |
| Koha item type | Book |
| Edition | 1st |
| Call number prefix | 658.3125 RAOC |
| Withdrawn status | Lost status | Source of classification or shelving scheme | Damaged status | Not for loan | Collection code | Home library | Current library | Shelving location | Date acquired | Cost, normal purchase price | Inventory number | Total Checkouts | Full call number | Barcode | Date last seen | Date last checked out | Cost, replacement price | Price effective from | Koha item type | Source of acquisition |
|---|---|---|---|---|---|---|---|---|---|---|---|---|---|---|---|---|---|---|---|---|
| Dewey Decimal Classification | MBA | St Aloysius Institute of Management & Information Technology | St Aloysius Institute of Management & Information Technology | Training & Development | 01/20/2016 | 429.00 | Bill no:181; Bill dt:2016-01-13 | 1 | 658.3125 RAOC | MBA12135 | 05/23/2026 | 03/28/2023 | 321.75 | 07/16/2021 | Book | |||||
| Dewey Decimal Classification | MBA | St Aloysius Institute of Management & Information Technology | St Aloysius Institute of Management & Information Technology | Training & Development | 02/10/2023 | 429.00 | Bill no:734; Bill dt:2017-02-06 | 658.3125 RAOC | MBA12529 | 05/23/2026 | 330.33 | 07/16/2021 | Book | |||||||
| Dewey Decimal Classification | MBA | St Aloysius Institute of Management & Information Technology | St Aloysius Institute of Management & Information Technology | Training & Development | 02/12/2026 | 999.00 | Bill no:SKP4043; Bill dt:2026-2- | 658.3125 RAOC | MBA15276 | 05/23/2026 | 749.25 | Book | SK Publishers & Distributors |